00347nam a2200145Ia 4500008004100000020001500041041001200056082001600068100001500084245004100099260002500140300000800165650001400173700001400187221030s9999 xx 000 0 und d a0070444854 aEnglish a105.23bVel aR. Velpuri 0aOracle 8i Backup & Recovery Handbook bTMHaNew Delhic2001 a695 aComputers aA. Adkoli